[Event "World Chess Championship 2018"]
[Site "London"]
[Date "2018.11.09"]
[Round "1"]
[White "Caruana, Fabiano"]
[Black "Carlsen, Magnus"]
[Result "1/2-1/2"]
[WhiteElo "2832"]
[BlackElo "2835"]
[Annotator "TA"]
[PlyCount "229"]
[EventDate "2018.11.09"]
[EventType "match"]
[EventCountry "ENG"]
[SourceTitle "playchess.com"]
[Source "ChessBase"]
[SourceQuality "1"]

{[%evp 17,229,15,11,6,16,5,5,11,20,12,13,0,7,0,0,0,-14,-42,-43,-62,-73,-50,-60,-53,-48,-60,-37,-22,0,-27,0,0,0,0,0,-37,-35,-68,-70,-72,-66,-70,-72,-74,-73,-67,-67,-61,-70,-172,-172,-256,-161,-195,-174,-166,-46,-234,-217,-257,-186,-192,-48,-48,-48,-48,-48,-48,-48,-48,-48,-48,-48,-48,-48,-48,-48,-48,-48,-52,-57,-70,-76,-76,-84,-84,-8,-8,-8,-8,-8,-8,-8,-8,-8,-8,-8,-8,-8,-8,-8,-8,-8,-8,-8,-8,-8,-8,-8,-8,-8,-8,-8,-8,-8,-8,-8,-8,-8,-8,-8,-8,-8,-8,-28,-42,-50,-50,-50,-50,-8,-50,-50,-50,-33,-33,-8,-8,-8,-33,-33,-33,-8,-8,-8,-8,-8,-8,-8,-8,-8,-33,-8,-8,-8,-8,-8,-8,-8,-8,-8,-8,-8,-8,-8,-8,-8,-8,-8,-8,-8,-8,0,-8,-8,-8,-8,-8,-8,-11,0,-33,0,-33,-26,-33,-33,-33,-33,-33,-33,-33,-33,-33,-33,-33,-33,-33,-33,-33,-8,-8,-8,-8,-8,-8,-8,-8,-8,-8,-8,-8,-8,-8]} 1. e4 c5 2. Nf3 Nc6 3. Bb5 g6 4. Bxc6 dxc6 5. d3 Bg7 6. h3 Nf6 7. Nc3 Nd7 {B31: Sizilianisch (Rossolimo-Variante)} (7... O-O 8. O-O Ne8 9. Be3 b6 10. e5 f6 11. Re1 Nc7 12. Qd2 fxe5 13. Bh6 Rxf3 14. Bxg7 Kxg7 15. gxf3 Bxh3 16. Rxe5 e6 17. Rg5 {1-0 (33) Caruana,F (2827)-Gelfand,B (2703) Batumi 2018}) (7... b6 8. Be3 e5 9. O-O O-O 10. a3 Qe7 11. Qb1 Nh5 12. b4 f5 13. bxc5 f4 14. Bd2 bxc5 15. Qb3+ Be6 {0-1 (39) Caruana,F (2820)-Carlsen,M (2862) Wijk aan Zee 2015 CBM 165 [Stohl,I]}) 8. Be3 e5 9. O-O b6 {LiveBook: 6 Partien} 10. Nh2 Nf8 11. f4 $146 ({Vorgänger:} 11. Qd2 Ne6 12. Bh6 O-O 13. Bxg7 Kxg7 14. Ne2 Qg5 15. f4 exf4 16. Nxf4 {1-0 (45) Manik,M (2440)-Nayhebaver,M (2005) Kosice 2010}) 11... exf4 12. Rxf4 Be6 13. Rf2 h6 14. Qd2 g5 15. Raf1 Qd6 16. Ng4 O-O-O $1 17. Nf6 Nd7 18. Nh5 Be5 19. g4 f6 20. b3 Bf7 21. Nd1 Nf8 22. Nxf6 Ne6 23. Nh5 (23. Nd7 $5 {[%cal Rd7e5]} Bf4 24. Nf6 $11) 23... Bxh5 (23... Bg6 {is interesting.} 24. Kh1 Qe7 25. Qe2 Rdg8 26. Rg1 Kb8) 24. gxh5 Nf4 25. Bxf4 gxf4 26. Rg2 Rhg8 27. Qe2 Rxg2+ 28. Qxg2 Qe6 $1 29. Nf2 $1 Rg8 $36 {[%mdl 2048] Schwarz hat starke Initiative.} 30. Ng4 Qe8 31. Qf3 Qxh5 32. Kf2 $1 Bc7 33. Ke2 {[#]} (33. e5 $1 $15 Kb7 34. Nf6 Qh4+ 35. Ke2) 33... Qg5 $1 $19 34. Nh2 (34. Qf2 {war nötig.}) 34... h5 35. Rf2 Qg1 36. Nf1 h4 (36... Qg7 $19 37. Nd2 Kb7) 37. Kd2 $2 (37. e5 $1 $15) 37... Kb7 38. c3 Be5 {Droht ...Tg3! und aus.} 39. Kc2 Qg7 (39... b5 $19 {zielt auf ...Tg3! ab.} 40. Qe2 b4 41. cxb4 Bd4) 40. Nh2 $1 $15 Bxc3 41. Qxf4 Bd4 42. Qf7+ Ka6 $1 43. Qxg7 Rxg7 {[%mdl 4096] Endspiel KTL-KTS} ({Doch nicht} 43... Bxg7 $6 44. Rf5 $11) 44. Re2 Rg3 45. Ng4 {e5 ist eine echte Drohung.} Rxh3 {Weiss muss nun ...Tg3 beachten.} 46. e5 Rf3 47. e6 Rf8 48. e7 Re8 49. Nh6 $1 h3 50. Nf5 {[#] Und weiter mit Th2 wäre nett.} Bf6 $1 51. a3 b5 ({Günstiger ist} 51... Ka5 $17) 52. b4 $11 cxb4 53. axb4 {[#]} Bxe7 $1 {[%mdl 512]} 54. Nxe7 (54. Rxe7 Rxe7) 54... h2 55. Rxh2 {Und Th7 würde nun gewinnen.} Rxe7 {KT-KT} 56. Rh6 Kb6 57. Kc3 Rd7 58. Rg6 Kc7 59. Rh6 Rd6 60. Rh8 $1 Rg6 61. Ra8 $1 Kb7 62. Rh8 Rg5 63. Rh7+ Kb6 64. Rh6 Rg1 {Weiss sollte ...a5 verhindern.} 65. Kc2 Rf1 66. Rg6 Rh1 67. Rf6 Rh8 68. Kc3 Ra8 {Mit der Idee ...a5.} 69. d4 Rd8 70. Rh6 Rd7 71. Rg6 Kc7 72. Rg5 Rd6 73. Rg8 Rh6 74. Ra8 Rh3+ 75. Kc2 Ra3 76. Kb2 Ra4 77. Kc3 $1 a6 78. Rh8 Ra3+ 79. Kb2 Rg3 (79... Rd3 {feels hotter.} 80. Rh7+ Kd6 81. Ra7 Rxd4 82. Ka3 Rd3+) 80. Kc2 Rg5 81. Rh6 Rd5 82. Kc3 Rd6 83. Rh8 $1 Rg6 84. Kc2 Kb7 85. Kc3 Rg3+ 86. Kc2 Rg1 87. Rh5 Rg2+ 88. Kc3 $1 Rg3+ 89. Kc2 Rg4 90. Kc3 Kb6 91. Rh6 Rg5 92. Rf6 Rh5 93. Rg6 Rh3+ 94. Kc2 Rh5 95. Kc3 $1 Rd5 96. Rh6 Kc7 97. Rh7+ Rd7 98. Rh5 Rd6 99. Rh8 $1 Rg6 100. Rf8 Rg3+ 101. Kc2 Ra3 102. Rf7+ Kd6 103. Ra7 $1 Kd5 {Droht stark ...Kc4.} 104. Kb2 Rd3 105. Rxa6 Rxd4 106. Kb3 Re4 107. Kc3 Rc4+ 108. Kb3 Kd4 109. Rb6 $1 {Die Stellung ist ausgeglichen.} Kd3 110. Ra6 Rc2 111. Rb6 $1 Rc3+ 112. Kb2 Rc4 113. Kb3 Kd4 114. Ra6 Kd5 115. Ra8 {Precision: Weiß = 71%, Schwarz = 67%.} 1/2-1/2

[Event "World Chess Championship 2018"]
[Site "London"]
[Date "2018.11.10"]
[Round "2"]
[White "Carlsen, Magnus"]
[Black "Caruana, Fabiano"]
[Result "1/2-1/2"]
[WhiteElo "2835"]
[BlackElo "2832"]
[Annotator "TA"]
[PlyCount "97"]
[EventDate "2018.10.20"]
[EventType "match"]
[EventCountry "ENG"]
[SourceTitle "playchess.com"]
[Source "ChessBase"]
[SourceQuality "1"]

{[%evp 19,97,29,29,13,15,18,14,10,20,0,33,0,0,0,0,-9,-12,-15,-9,-9,-9,-14,0,-40,-39,-49,6,-14,-14,-14,-14,-14,-14,-14,-17,-17,-25,-33,-33,-33,-33,-33,-33,-33,-33,-38,-38,-80,-80,-94,-25,-27,-27,-35,-34,-88,-88,-88,-88,-122,-122,-122,-122,-122,-32,-32,-32,-32,-32,-32,-32,-32,-32,-32,-32,-32,0,-8,0,-32]} 1. d4 Nf6 2. Nf3 d5 3. c4 e6 4. Nc3 Be7 5. Bf4 O-O 6. e3 c5 7. dxc5 Bxc5 8. Qc2 Nc6 9. a3 Qa5 10. Rd1 Rd8 {LiveBook: 10 Games. D37: Queen's Gambit Declined: 5 Bf4} (10... Re8 11. Nd2 e5 12. Bg5 Nd4 13. Qc1 Bf5 14. Bxf6 Nc2+ 15. Ke2 Nd4+ 16. Ke1 Nc2+ 17. Ke2 Nd4+ 18. Ke1 {½-½ (18) So,W (2778)-Nakamura,H (2769) Paris 2018}) 11. Be2 Ne4 $146 ({Predecessor:} 11... a6 12. O-O dxc4 13. Bxc4 Rxd1 14. Rxd1 b5 15. Bd3 Be7 16. Ne4 Bb7 17. Nxf6+ Bxf6 18. Bxh7+ Kh8 19. Rd7 Nd8 20. Bc7 Qa4 {½-½ (20) Mason,D (2167)-Tambini,J (2047) Aberystwyth 2014}) 12. O-O Nxc3 13. bxc3 h6 14. a4 Ne7 15. Ne5 Bd6 16. cxd5 Nxd5 17. Bf3 Nxf4 18. exf4 Bxe5 19. Rxd8+ Qxd8 20. fxe5 Qc7 21. Rb1 Rb8 22. Qd3 Bd7 (22... b6 $15) 23. a5 Bc6 {White should prevent ...Bxf3.} 24. Qd6 Qxd6 25. exd6 Bxf3 26. gxf3 $11 {[%mdl 4096] Endgame KR-KR} Kf8 27. c4 {c5 is the strong threat.} Ke8 28. a6 b6 29. c5 $1 Kd7 {Hoping for ...Kc6.} 30. cxb6 axb6 31. a7 $1 {[%cal Ra7b8]} Ra8 {Threatens to win with ...Kc6.} 32. Rxb6 {Black must now prevent Rb7+.} Rxa7 33. Kg2 e5 34. Rb4 f5 ({Black should play} 34... Kxd6 $17 35. f4 exf4 36. Rxf4 Ke6) 35. Rb6 Ke6 36. d7+ Kxd7 37. Rb5 ({Better is} 37. f4 $1 $15) 37... Ke6 $17 38. Rb6+ {[#]} Kf7 $1 39. Rb5 Kf6 40. Rb6+ Kg5 41. Rb5 {[#]} Kf4 (41... Re7 $1 $17 42. Kg3 f4+ 43. Kh3 Re8) 42. Rb4+ $15 e4 43. fxe4 fxe4 44. h3 Ra5 45. Rb7 Rg5+ 46. Kf1 Rg6 47. Rb4 Rg5 48. Rb7 Rg6 49. Rb4 {Precision: White = 62%, Black = 70%.} 1/2-1/2

[Event "World Chess Championship 2018"]
[Site "London"]
[Date "2018.11.12"]
[Round "3"]
[White "Caruana, Fabiano"]
[Black "Carlsen, Magnus"]
[Result "1/2-1/2"]
[WhiteElo "2832"]
[BlackElo "2835"]
[Annotator "TA"]
[PlyCount "97"]
[EventDate "2018.10.20"]
[EventType "match"]
[EventCountry "ENG"]
[SourceTitle "playchess.com"]
[Source "ChessBase"]
[SourceQuality "1"]

{[%evp 13,97,20,12,14,10,21,27,13,37,25,30,23,34,29,34,37,32,27,27,26,35,30,33,25,15,0,0,0,0,0,0,0,0,0,0,0,0,0,0,-4,0,0,0,-8,-8,-14,-12,-14,-8,-8,-8,-32,-8,-12,-8,-22,-8,-19,-8,-24,-22,-34,-8,-8,0,-8,-8,-8,-8,-8,-8,-8,-8,-8,-8,-8,-8,-8,-8,-8,-8,-8,-8,-8,-8,-8]} 1. e4 c5 2. Nf3 Nc6 3. Bb5 g6 4. Bxc6 dxc6 5. d3 Bg7 6. O-O Qc7 7. Re1 e5 {LiveBook: 14 Games} 8. a3 {B31: Sicilian: 2...Nc6 3 Bb5 g6} (8. Be3 b6 9. a3 Nf6 10. h3 O-O 11. Nbd2 a5 12. b4 cxb4 13. axb4 a4 14. Nc4 Nd7 15. Qd2 Ba6 16. Na3 Rfe8 17. c4 b5 18. Rac1 Qb7 19. c5 Rad8 20. Bh6 Bh8 21. Bg5 {½-½ (21) Balogh,C (2632)-Azarov,S (2552) Czech Republic 2017}) 8... Nf6 9. b4 O-O 10. Nbd2 {White has an edge.} Bg4 $146 ({Predecessor:} 10... cxb4 11. Bb2 Nh5 12. axb4 Nf4 13. Ra3 Re8 14. Qa1 a6 15. d4 exd4 16. Bxd4 Bxd4 17. Nxd4 Qe7 18. Rf3 Nxg2 19. e5 Nxe1 {0-1 (19) Kaiszauri,K (2405)-Cramling,D (2355) Boras 1979}) 11. h3 Bxf3 12. Nxf3 cxb4 13. axb4 a5 14. bxa5 Rxa5 15. Bd2 Raa8 16. Qb1 Nd7 17. Qb4 Rfe8 18. Bc3 b5 19. Rxa8 Rxa8 20. Ra1 Rxa1+ 21. Bxa1 Qa7 22. Bc3 Qa2 23. Qb2 Qxb2 24. Bxb2 $11 {[%mdl 4096] Endgame KBN-KBN} f6 25. Kf1 Kf7 26. Ke2 Nc5 27. Bc3 Ne6 28. g3 Bf8 29. Nd2 Ng5 30. h4 Ne6 31. Nb3 h5 32. Bd2 Bd6 33. c3 c5 34. Be3 Ke7 35. Kd1 Kd7 36. Kc2 f5 37. Kd1 fxe4 38. dxe4 {The position is equal.} c4 39. Nd2 Nc5 40. Bxc5 Bxc5 {KB-KN} 41. Ke2 Kc6 42. Nf1 b4 43. cxb4 Bxb4 44. Ne3 Kc5 45. f4 exf4 46. gxf4 Ba5 47. f5 gxf5 {[#]} 48. Nxc4 $1 {[%mdl 512]} Kxc4 49. exf5 {Precision: White = 62%, Black = 72%.} 1/2-1/2

[Event "World Chess Championship 2018"]
[Site "London"]
[Date "2018.11.13"]
[Round "4"]
[White "Carlsen, Magnus"]
[Black "Caruana, Fabiano"]
[Result "1/2-1/2"]
[WhiteElo "2835"]
[BlackElo "2832"]
[Annotator "TA"]
[PlyCount "67"]
[EventDate "2018.10.20"]
[EventType "match"]
[EventCountry "ENG"]
[SourceTitle "playchess.com"]
[Source "ChessBase"]
[SourceQuality "1"]

{[%evp 14,67,14,2,8,17,22,16,15,13,14,6,5,5,24,21,41,0,0,-1,0,0,18,14,14,14,15,19,27,7,28,10,10,1,14,0,7,2,8,0,15,0,0,0,0,0,0,0,0,0,0,0,0,-7,0,0]} 1. c4 e5 2. Nc3 Nf6 3. Nf3 Nc6 4. g3 d5 5. cxd5 Nxd5 6. Bg2 Bc5 {A29: English Opening: Four Knights Variation with 4 g3} 7. O-O O-O 8. d3 {LiveBook: 13 Games} Re8 9. Bd2 Nxc3 10. Bxc3 Nd4 11. b4 $146 ({Predecessor:} 11. Rc1 Bb6 12. Re1 Bg4 13. Bxd4 exd4 14. a3 {½-½ (67) So,W (2778)-Caruana,F (2816) Paris 2018}) 11... Bd6 12. Rb1 Nxf3+ 13. Bxf3 a6 14. a4 c6 15. Re1 Bd7 16. e3 Qf6 17. Be4 Bf5 18. Qf3 Bxe4 19. Qxf6 gxf6 20. dxe4 b5 21. Red1 Bf8 22. axb5 axb5 {The position is equal.} 23. Kg2 Red8 24. Rdc1 Kg7 25. Be1 Rdc8 26. Rc2 Ra4 27. Kf3 h5 28. Ke2 Kg6 29. h3 f5 30. exf5+ Kxf5 31. f3 Be7 32. e4+ Ke6 33. Bd2 Bd6 34. Rbc1 {Precision: White = 51%, Black = 51%.} 1/2-1/2

[Event "World Chess Championship 2018"]
[Site "London"]
[Date "2018.11.15"]
[Round "5"]
[White "Caruana, Fabiano"]
[Black "Carlsen, Magnus"]
[Result "1/2-1/2"]
[WhiteElo "2832"]
[BlackElo "2835"]
[Annotator "TA"]
[PlyCount "67"]
[EventDate "2018.10.20"]
[EventType "match"]
[EventCountry "ENG"]
[SourceTitle "playchess.com"]
[Source "ChessBase"]
[SourceQuality "1"]

{[%evp 18,67,21,21,21,23,24,13,16,18,16,16,18,5,10,23,23,-8,-17,-10,-22,-5,-13,-19,0,0,0,0,0,0,0,0,0,0,0,0,0,0,0,0,0,0,0,0,0,0,0,0,0,0,0,0]} 1. e4 c5 2. Nf3 Nc6 3. Bb5 g6 4. O-O Bg7 5. Re1 e5 6. b4 Nxb4 7. Bb2 {B31: Sicilian: 2...Nc6 3 Bb5 g6} a6 (7... Qc7 8. c3 Nc6 9. d4 d6 10. d5 a6 11. Na3 Ke7 12. Bf1 Nd8 13. Nc4 b5 14. Ne3 Nf6 {0-1 (44) Rapport,R (2676)-Granda Zuniga,J (2665) Camarinas 2013}) 8. a3 axb5 9. axb4 Rxa1 10. Bxa1 {LiveBook: 3 Games} d6 11. bxc5 Ne7 12. Qe2 $146 ({Predecessor:} 12. cxd6 Qxd6 13. d4 exd4 14. Bxd4 O-O {0-1 (46) Polschikov,A (2270)-Anoshkin,A (2386) Pardubice 2007}) 12... b4 $1 13. Qc4 Qa5 {[#] Strongly threatening ...Be6.} 14. cxd6 Be6 15. Qc7 Qxc7 16. dxc7 Nc6 17. c3 {aiming for d4.} Kd7 {And now ...Ra8 would win.The position is equal.} 18. cxb4 Ra8 19. Bc3 Kxc7 20. d3 Kb6 21. Bd2 Rd8 22. Be3+ Kb5 23. Nc3+ Kxb4 24. Nd5+ $1 Bxd5 25. exd5 Rxd5 26. Rb1+ Kc3 27. Rxb7 {Black must now prevent Rc7.} Nd8 $1 {[%cal Rd8b7]} 28. Rc7+ Kxd3 29. Kf1 h5 30. h3 Ke4 31. Ng5+ Kf5 32. Nxf7 Nxf7 33. Rxf7+ Bf6 34. g4+ {Precision: White = 70%, Black = 92%.} 1/2-1/2

[Event "World Chess Championship 2018"]
[Site "London"]
[Date "2018.11.16"]
[Round "6"]
[White "Carlsen, Magnus"]
[Black "Caruana, Fabiano"]
[Result "1/2-1/2"]
[WhiteElo "2835"]
[BlackElo "2832"]
[Annotator "TA"]
[PlyCount "160"]
[EventDate "2018.10.20"]
[EventType "match"]
[EventCountry "ENG"]
[SourceTitle "playchess.com"]
[Source "ChessBase"]
[SourceQuality "1"]

{[%evp 9,160,29,26,16,4,8,10,6,16,14,14,14,16,18,0,6,17,17,16,14,12,11,17,17,14,15,14,15,22,17,14,16,15,16,9,-12,-5,-12,-6,-13,-18,-9,-2,-2,-1,-1,-9,-7,-4,-9,-4,-7,0,0,0,0,0,0,0,-9,-8,-22,-23,-26,-26,-27,-23,-38,-41,-43,-40,-42,-25,-30,-30,-30,-36,-37,-38,-73,-72,-66,-73,-74,-70,-69,-62,-97,-93,-100,-95,-93,-93,-92,-92,-93,-92,-92,-79,-127,-102,-135,-124,-110,-110,-151,-151,-151,-151,-151,-151,-151,-151,-151,-151,-151,-151,-151,-151,-151,-151,-151,-151,-151,-151,-366,-366,-352,-151,-151,-151,-151,-151,-151,-151,-151,0,-151,-151,-151,-151,-151,-151,-151,-151,-151,-151,-151,-151,-151,-8,-8,-8]} 1. e4 e5 2. Nf3 Nf6 3. Nxe5 d6 4. Nd3 {[%cal Be5d3,Bd3f4,Bf4d5][%mdl 32]} (4. Nf3 Nxe4 5. d4 d5 6. Bd3 Bd6 7. O-O O-O 8. c4 c6 9. Nc3 Nxc3 10. bxc3 dxc4 11. Bxc4 Bf5 12. Ng5 h6 13. Qf3 Bg6 14. Ne4 Bxh2+ 15. Kxh2 Qh4+ 16. Qh3 Qxh3+ 17. gxh3 Bxe4 18. Rg1 Re8 19. Bxh6 g6 {½-½ (52) Vachier Lagrave,M (2780)-Wang,H (2722) Douglas 2018}) (4. Nf3 Nxe4 5. Nc3 Nxc3 6. dxc3 Be7 7. Be3 Nc6 8. Bc4 O-O 9. Qd2 Bf5 10. O-O-O Qd7 11. Kb1 Rfe8 12. h4 Bf8 13. h5 h6 14. Be2 Bg4 15. Nh2 Bxe2 16. Qxe2 {½-½ (41) Carlsen,M (2842)-Caruana,F (2822) Saint Louis 2018}) 4... Nxe4 5. Qe2 Qe7 {LiveBook: 14 Games} 6. Nf4 {And now Nd5 would win. C42: Petroff Defence: 3 Nxe5 and unusual White 3rd moves} Nc6 {[%cal Bb8c6,Bc6d4,Bd4e2][%mdl 32]} 7. Nd5 Nd4 {[%mdl 64] ...Qe5 is the strong threat. Double Attack} 8. Nxe7 Nxe2 9. Nd5 Nd4 $1 {[%cal Rd4c2]} 10. Na3 $146 ({Predecessor:} 10. Bd3 Nxf2 11. Kxf2 Kd8 12. Re1 c5 13. c3 c4 14. cxd4 cxd3 {0-1 (47) Baudifier,Y (1600)-Sochacki,C (1009) France 2002}) 10... Ne6 11. f3 N4c5 12. d4 Nd7 13. c3 c6 14. Nf4 Nb6 15. Bd3 d5 16. Nc2 Bd6 17. Nxe6 Bxe6 18. Kf2 h5 19. h4 Nc8 20. Ne3 Ne7 21. g3 c5 22. Bc2 O-O 23. Rd1 Rfd8 24. Ng2 cxd4 25. cxd4 Rac8 26. Bb3 Nc6 {[%cal Be7c6,Bc6a5,Ba5c4,Bc4a3][%mdl 32]} 27. Bf4 Na5 28. Rdc1 Bb4 29. Bd1 Nc4 30. b3 Na3 31. Rxc8 Rxc8 32. Rc1 Nb5 33. Rxc8+ Bxc8 34. Ne3 Nc3 35. Bc2 Ba3 36. Bb8 a6 37. f4 Bd7 38. f5 Bc6 39. Bd1 Bb2 40. Bxh5 Ne4+ {[%mdl 64] Discovered Attack} 41. Kg2 Bxd4 42. Bf4 Bc5 43. Bf3 Nd2 44. Bxd5 Bxe3 $1 45. Bxc6 Bxf4 46. Bxb7 Bd6 $1 47. Bxa6 Ne4 48. g4 Ba3 $1 49. Bc4 Kf8 50. g5 Nc3 $1 51. b4 Bxb4 52. Kf3 Na4 53. Bb5 Nc5 54. a4 f6 55. Kg4 Ne4 56. Kh5 Be1 $1 57. Bd3 Nd6 $1 58. a5 Bxa5 {Strongly threatening ...Nf7.} 59. gxf6 gxf6 {Threatens to win with ...Nf7.} 60. Kg6 Bd8 61. Kh7 Nf7 62. Bc4 Ne5 63. Bd5 Ba5 64. h5 Bd2 65. Ba2 Nf3 66. Bd5 Nd4 67. Kg6 $2 {[#]} (67. Bc4 $17) 67... Bg5 $1 $19 68. Bc4 {[#]} Nf3 (68... Bh4 $1 $19 {has better winning chances.} 69. Bd5 Ne2) 69. Kh7 $17 Ne5 70. Bb3 Ng4 71. Bc4 Ne3 72. Bd3 Ng4 73. Bc4 $1 Nh6 74. Kg6 Ke7 75. Bb3 Kd6 76. Bc2 Ke5 77. Bd3 Kf4 78. Bc2 Ng4 79. Bb3 Ne3 ({Better is} 79... Kg3 $17 {Hoping for ...Nh6.} 80. Bf7 Kf2) 80. h6 $11 {[#]} Bxh6 $1 {[%mdl 512] Accuracy: White = 68%, Black = 83%.} 1/2-1/2

[Event "World Chess Championship 2018"]
[Site "London"]
[Date "2018.11.18"]
[Round "7"]
[White "Carlsen, Magnus"]
[Black "Caruana, Fabiano"]
[Result "1/2-1/2"]
[WhiteElo "2835"]
[BlackElo "2832"]
[Annotator "TA"]
[PlyCount "79"]
[EventDate "2018.10.20"]
[EventType "match"]
[EventCountry "ENG"]
[SourceTitle "playchess.com"]
[Source "ChessBase"]
[SourceQuality "1"]

{[%evp 17,79,18,18,18,27,20,36,0,24,6,10,0,6,0,6,10,11,1,9,0,5,5,12,12,12,7,5,8,6,7,6,4,6,6,12,0,4,4,16,0,0,0,0,0,0,0,0,0,0,0,0,0,0,0,0,0,0,0,0,0,0,0,0,0]} 1. d4 Nf6 2. Nf3 d5 3. c4 e6 4. Nc3 Be7 5. Bf4 O-O 6. e3 c5 7. dxc5 Bxc5 8. Qc2 Nc6 9. a3 Qa5 10. Nd2 {[#] Strongly threatening cxd5. D37: Queen's Gambit Declined: 5 Bf4} (10. O-O-O Be7 11. Kb1 a6 12. g4 dxc4 13. Bxc4 b5 14. g5 bxc4 15. gxf6 Bxf6 16. Ne4 Be7 17. Rhg1 Rd8 18. Rxd8+ Nxd8 19. Qxc4 {½-½ (27) Karjakin,S (2773)-Nakamura,H (2777) Saint Louis 2018}) 10... Qd8 11. Nb3 {Threatens to win with cxd5.} Bb6 $146 ({Predecessor:} 11... Be7 12. Rd1 a5 13. cxd5 exd5 14. Be2 a4 15. Nd4 Qa5 16. O-O Bd7 17. Ndb5 Rfc8 {1-0 (36) Golod,V (2584)-Gershkowich,D (2341) Haifa 2008}) 12. Be2 {White is slightly better.} Qe7 13. Bg5 dxc4 {The position is equal.} 14. Nd2 Ne5 15. O-O Bd7 16. Bf4 Ng6 17. Bg3 Bc6 18. Nxc4 {Black must now prevent Bd6.} Bc7 19. Rfd1 Rfd8 20. Rxd8+ Rxd8 21. Rd1 Rxd1+ 22. Qxd1 Nd5 23. Qd4 Nxc3 24. Qxc3 Bxg3 25. hxg3 Qd7 26. Bd3 b6 27. f3 Bb7 28. Bxg6 hxg6 29. e4 Qc7 30. e5 Qc5+ 31. Kh2 Ba6 32. Nd6 Qxc3 33. bxc3 $11 {[%mdl 4096] Endgame KB-KN} f6 34. f4 Kf8 35. Kg1 Ke7 36. Kf2 Kd7 37. Ke3 Bf1 38. Kf2 Ba6 39. Ke3 Bf1 40. Kf2 {Accuracy: White = 73%, Black = 77%.} 1/2-1/2

[Event "World Chess Championship 2018"]
[Site "London"]
[Date "2018.11.19"]
[Round "8"]
[White "Caruana, Fabiano"]
[Black "Carlsen, Magnus"]
[Result "1/2-1/2"]
[WhiteElo "2832"]
[BlackElo "2835"]
[Annotator "TA"]
[PlyCount "75"]
[EventDate "2018.10.20"]
[EventType "match"]
[EventCountry "ENG"]
[SourceTitle "playchess.com"]
[Source "ChessBase"]
[SourceQuality "1"]

{[%evp 19,75,0,0,0,2,0,18,23,18,18,12,9,13,12,19,20,28,0,44,35,65,50,70,80,125,95,97,86,73,22,13,23,20,18,18,18,18,18,17,17,12,24,25,25,25,25,43,45,61,8,12,0,0,0,18,0,-2,-2]} 1. e4 c5 2. Nf3 Nc6 3. d4 cxd4 4. Nxd4 Nf6 5. Nc3 e5 6. Ndb5 d6 7. Nd5 Nxd5 8. exd5 Nb8 9. a4 {[%cal Ba2a4,Ba4a5][%mdl 32]} Be7 10. Be2 O-O 11. O-O {B33: Sicilian: Pelikan and Sveshnikov Variations} Nd7 12. Bd2 f5 (12... a6 13. Na3 a5 14. Nc4 b6 15. f4 Ba6 16. Ne3 Bb7 17. Bc3 g6 18. Bb5 Ba6 19. Bxd7 Qxd7 {1-0 (53) Oparin,G (2602)-Gelfand,B (2697) Moscow 2017}) 13. a5 a6 14. Na3 {[%cal Bb5a3,Ba3c4,Bc4b6][%mdl 32]} e4 $146 ({Predecessor:} 14... Nf6 15. Bb4 Bd7 16. Nc4 Bb5 17. Nb6 Bxe2 18. Qxe2 {1-0 (71) Voll,A (2572)-Saidashev,A (2401) ICCF email 2015}) 15. Nc4 Ne5 16. Nb6 $36 {[%mdl 2048] White fights for an advantage.} Rb8 17. f4 exf3 18. Bxf3 g5 19. c4 f4 20. Bc3 Bf5 21. c5 Nxf3+ 22. Qxf3 dxc5 23. Rad1 Bd6 {Black wants to play ...g4.} 24. h3 (24. Nc4 $16) 24... Qe8 $11 25. Nc4 Qg6 $1 26. Nxd6 Qxd6 {[#]} 27. h4 $1 {[%mdl 512]} gxh4 28. Qxf4 Qxf4 29. Rxf4 h5 30. Re1 {Strongly threatening Re7.} Bg4 31. Rf6 Rxf6 32. Bxf6 {[%mdl 4096] Endgame KRB-KRB} Kf7 33. Bxh4 Re8 34. Rf1+ ({White should play} 34. Rxe8 $14 Kxe8 35. Kf2) 34... Kg8 {The position is equal.} 35. Rf6 Re2 36. Rg6+ Kf8 37. d6 {Rxg4! is the strong threat.} Rd2 ({Avoid the trap} 37... Rxb2 $2 {[#]} 38. Rxg4 $1 {[%mdl 512]} Rd2 39. Rc4 $18) 38. Rg5 {Accuracy: White = 71%, Black = 77%.} 1/2-1/2

[Event "World Chess Championship 2018"]
[Site "London"]
[Date "2018.11.21"]
[Round "9"]
[White "Carlsen, Magnus"]
[Black "Caruana, Fabiano"]
[Result "1/2-1/2"]
[WhiteElo "2835"]
[BlackElo "2832"]
[Annotator "TA"]
[PlyCount "112"]
[EventDate "2018.10.20"]
[EventType "match"]
[EventCountry "ENG"]
[SourceTitle "playchess.com"]
[Source "ChessBase"]
[SourceQuality "1"]

{[%evp 10,112,0,0,29,31,12,-10,4,-4,0,0,0,0,0,0,0,-13,6,-17,5,13,15,11,17,0,58,49,48,47,47,47,48,54,54,45,55,47,60,67,62,29,31,14,20,0,0,0,0,0,0,0,0,0,0,0,8,8,8,8,8,8,8,8,8,0,8,8,8,8,8,8,8,8,8,8,8,8,31,31,59,12,59,59,59,59,59,59,59,59,59,12,59,12,45,59,59,12,66,22,24,24,24,28,67]} 1. c4 e5 2. Nc3 Nf6 3. Nf3 Nc6 4. g3 d5 5. cxd5 Nxd5 6. Bg2 Bc5 {A29: English Opening: Four Knights Variation with 4 g3} 7. O-O O-O 8. d3 Re8 {The position is equal.} (8... Bb6 9. Nxd5 Qxd5 10. Bd2 Qd6 11. Bc3 Re8 12. Nd2 Qh6 13. b4 Bh3 14. b5 Bxg2 15. Kxg2 {½-½ (56) Ding,L (2804)-Navara,D (2740) Batumi 2018}) 9. Bg5 Nxc3 10. bxc3 f6 11. Bc1 $146 ({Predecessor:} 11. Be3 Bxe3 12. fxe3 Be6 13. Qa4 Qe7 14. Nh4 Qc5 {0-1 (46) Curic,D (2195)-Majeric,Z (2312) Sibenik 2008}) 11... Be6 12. Bb2 Bb6 13. d4 Bd5 14. Qc2 exd4 15. cxd4 Be4 16. Qb3+ Bd5 17. Qd1 Bxf3 (17... Qd7 $11) 18. Qb3+ Kh8 19. Bxf3 Nxd4 20. Bxd4 Qxd4 21. e3 Qe5 22. Bxb7 Rad8 23. Rad1 Qe7 24. h4 g6 25. h5 gxh5 26. Qc4 f5 27. Bf3 h4 28. Rxd8 Rxd8 29. gxh4 Rg8+ 30. Kh1 Qf6 31. Qf4 Bc5 32. Rg1 Rxg1+ 33. Kxg1 Bd6 34. Qa4 f4 35. Qxa7 fxe3 36. Qxe3 Qxh4 37. a4 Qf6 38. Bd1 (38. Qb3 {seems wilder.} Kg7 39. Kf1 Qa1+ 40. Kg2 Qe5 41. Qd3) 38... Qe5 39. Qxe5+ Bxe5 $11 {[%mdl 4096] Endgame KB-KB} 40. a5 Kg7 41. a6 {[#] a7 is the strong threat.} Bd4 42. Kg2 Kf6 43. f4 Bb6 44. Kf3 h6 45. Ke4 Ba7 46. Bg4 $1 Bg1 47. Kd5 Bb6 48. Kc6 Be3 49. Kb7 Bb6 50. Bh3 Be3 51. Kc6 (51. f5 $5 {[%cal Rb7c7]} Bb6 52. Bg4 $14) 51... Bb6 52. Kd5 Ba7 53. Ke4 Bb6 (53... c5 $11) 54. Bf1 Ke6 55. Bc4+ Kf6 $1 56. Bd3 Ke6 {Accuracy: White = 52%, Black = 65%.} 1/2-1/2